Organisational Behaviour (Record no. 501)

MARC details
000 -LEADER
fixed length control field 00437nam a22001697a 4500
005 - DATE AND TIME OF LATEST TRANSACTION
control field 20180726125755.0
008 - FIXED-LENGTH DATA ELEMENTS--GENERAL INFORMATION
fixed length control field 160504b xxu||||| |||| 00| 0 eng d
020 ## - INTERNATIONAL STANDARD BOOK NUMBER
ISBN 9788125916093
041 ## - LANGUAGE CODE
Language code of text/sound track or separate title eng
082 ## - DEWEY DECIMAL CLASSIFICATION NUMBER
Item number 1224
Classification number 658.3
100 ## - MAIN ENTRY--AUTHOR NAME
Personal name CHANDAN, D. B. AND JIT, S
245 ## - TITLE STATEMENT
Title Organisational Behaviour
260 ## - PUBLICATION, DISTRIBUTION, ETC. (IMPRINT)
Name of publisher Vikas Publishing house Pvt. Ltd.
Year of publication 1994
Place of publication DELHI
300 ## - PHYSICAL DESCRIPTION
Number of Pages 431p,
650 ## - SUBJECT ADDED ENTRY--TOPICAL TERM
Topical Term Management
942 ## - ADDED ENTRY ELEMENTS (KOHA)
Koha item type Books
Holdings
Lost status Damaged status Collection code Home library Current library Shelving location Date acquired Cost, normal purchase price Full call number Accession Number Koha item type
    MANAGEMENT JRU Library JRU Library SHELF-64-B 04/05/2016 280.00 658.3 1224 Books
    MANAGEMENT JRU Library JRU Library SHELF-64-B 04/05/2016 280.00 658.3 1225 Books
    MANAGEMENT JRU Library JRU Library SHELF-64-B 04/05/2016 280.00 658.3 1226 Books
    MANAGEMENT JRU Library JRU Library SHELF-64-B 04/05/2016 280.00 658.3 1227 Books